000 00700nam a2200277Ia 4500
001 6308
005 20240113233912.0
007 ta
008 050625s1962 a g b000 u eng u
020 _cPB
040 _aCotton College,Assam
041 _aeng
082 _a539.81
_bW 591 El
100 _aWhitmer, Robert M. .
245 0 _aElectromagnetics /
_cRobert M. Whitmer.
_hTextual Documents
250 _a2nd ed. /
260 _aLondon :
_bPrentice-Hall, Inc. ,
_c1962.
300 _ax, 357p. :
_bill. ;
_c22cm .
504 _aIndex
653 _aPhysics
653 _aElectromagnetism
653 _aPG-Physics
942 _2ddc
_cBK
999 _c6295
_d6295